| 000 | 00710nam0a22002411 4500 | ||
|---|---|---|---|
| 001 | rc\1132207 | ||
| 005 | 20250622191007.0 | ||
| 035 | _a(NLR Aleph) 006373557 | ||
| 090 |
_a5019573 _c5019573 |
||
| 100 | _a20041126d1980 |||y0rusy50 ca | ||
| 101 | 0 | _arus | |
| 102 | _aRU | ||
| 105 | _aa ||||||||| | ||
| 200 | 1 | _aШаг в бессмертие | |
| 210 |
_aКазань _cТатар. кн. изд-во _d1980 |
||
| 215 |
_a200 с. _cил. _d20 |
||
| 700 | 1 |
_aБелокопытов _bВ.И. _gВалентин Иванович |
|
| 701 | 1 |
_aДюрягин _bГ.М. _gГлеб Михайлович |
|
| 801 | 0 |
_aRU _bNLR _gpsbo |
|
| 801 | 1 |
_aRU _bELAR _2rusmarc |
|
| 852 |
_aNLR _j80-3/10024 |
||
| 942 | _cBOOK | ||
| 980 | _aNB | ||